1803 1836 1723 1890 1886 1322 1812 1121 1780 1914 1521 1489 1365 1835 1096 1154 1861 1528 1322 1883 1172 1876 1774 1832 1910 1173 1263 1308 1923 1287 1148 1919 1432 1594 1865 1961 1681 1020 1833 1007 1598 1173 1843 1488 1624 1785 1217 1783 1150 1402 1853 1051 1199 1987 1925 1776 1174 1382 1429 1782 1646 1827 1270 1513 1986 1434 1278 1370 1557 1511 1351 1002 1235 1542 1255 1719 1890 1766 1154 1579 1193 1978 1498 1950 1705 1535 1748 1582 1923 1648 1447 1080 1912 1496 1123 1205 1088 1789 1530 BCNSPRNW ULIB Ver.6.0+V

เปลี่ยนเป็นภาษาไทย

Change to English
 แสดงรายละเอียดบรรณานุกรม
  กลับหน้าหลัก

Brief Record : Get Marc (ISO 2709) : E-mail record : QR code < ปิดหน้าต่าง
LEADER : 00000nam 2200000uu 4500
001    13399115145
003     ULIB
008    120712s2552||||th 000 0 tha d
020    ^a9786115260164
060 04 ^aQV766^bส880ก 2552
100 0  ^aสุวิมล โต่นวุธ
245 00 ^aกินมะรุมลืมมะเร็ง/^cสุวิมล โต่นวุธ
250    ^aพิมพ์ครั้งที่ 1
260    ^aนนทบุรี:^bกรีน-ปัญญาณ,^c2552
300    ^a64 หน้า:^bภาพประกอบ
945    ^p0^l0^i16282
995    ^aกัณชพร
999    ^aใช้งานได้ทุกระบบ
รายการนี้ยังไม่มีแท็ก
คุณยังไม่ได้ล็อกอิน คุณสามารถมีกิจกรรมร่วมกับเว็บไซต์ได้ แต่ต้องล็อกอินก่อน ::
  ล็อกอิน

รายการสื่อสารสนเทศ

ลำดับที่ ประเภท เลขเรียก/บาร์โค้ด สถานที่ สถานะ
- ไม่พบข้อมูล -

รายการใกล้เคียง
    ผู้แต่ง [สุวิมล โต่นวุธ]

BibComment


ยังไม่เคยถูกคอมเมนท์

คอมเมนท์ทรัพยากรรายการนี้
  คอมเมนท์: กินมะรุมลืมมะเร็..


 Copyright 2026. Bcnsprnw @Library